5000 hoành phi câu đối Hán Nôm

Sparad:
Bibliografiska uppgifter
Övriga upphovsmän: Trần Lê Sáng (ch.b, b.s), Phạm kỳ Nam (b.s), Phạm Đức Duật (b.s), Ngô Vương Anh (thư ký)
Materialtyp: Bok
Språk:Vietnamese
Publicerad: H. Văn hóa Thông tin 2006
Ämnen:
Taggar: Lägg till en tagg
Inga taggar, Lägg till första taggen!
Thư viện lưu trữ: Mạng thư viện Đại học Đà Nẵng
LEADER 01298nam a2200373 4500
001 000006944
003 3104
005 20110928080915.0
008 110923s2006 viesd
020 |c 150000đ 
041 0 |a vie 
082 |a 495.922  |b Hoa 
245 0 |a 5000 hoành phi câu đối Hán Nôm  |c (ch.b) Trần Lê Sáng b.s: Phạm Đức Duật; Phạm Kỳ Nam; thư ký Ngô Vương Anh 
260 |a H.  |b Văn hóa Thông tin  |c 2006 
300 |a 1112 tr  |c 24 cm 
504 |a Thư mục tr : 1035-1112 
653 |a 5000 hoành phi 
653 |a Câu đối chữ Nôm 
653 |a Câu đối chữ hán 
700 |a Trần Lê Sáng  |e ch.b, b.s 
700 |a Phạm kỳ Nam  |e b.s 
700 |a Phạm Đức Duật  |e b.s 
700 |a Ngô Vương Anh  |e thư ký 
910 |a Nguyễn Thị Kim Oanh  |d 23/09/2011 
OWN |a LSP 
AVA |a UDN50  |b LSP  |d 495.922 Hoa  |e available  |t Error 5001 Not defined in file expand_doc_bib_avail.  |f 2  |g 0  |h N  |i 0  |k 1 
999 |a From the UDN01 
AVA |a UDN50  |b LSP  |d 495.922 Hoa  |e available  |t Error 5001 Not defined in file expand_doc_bib_avail.  |f 2  |g 0  |h N  |i 0  |k 1 
TYP |a Monograph 
TYP |a Printed language 
980 |a Mạng thư viện Đại học Đà Nẵng